Pays d'Afrique en deux minutes - Statistiques

Statistiques générales
  • Ce quiz a été pris 7 935 fois
  • Le résultat moyen est 42 sur 54
Réponses sur la Carte
Les réponses sont colorées sur une échelle allant du rouge au vert en fonction du pourcentage des utilisateurs qui les ont devinées à leur premier essai. Vous pouvez retrouver ces pourcentages ci-dessous.
 
Statistiques - réponses
Pays % Correct
Algérie
97%
Maroc
97%
Égypte
95%
Tunisie
94%
Congo (Rép Dém)
92%
Congo (Rép)
91%
Libye
91%
Afrique du Sud
89%
Mali
89%
Soudan
89%
Niger
88%
Madagascar
87%
Somalie
87%
Éthiopie
85%
Nigeria
85%
Sénégal
85%
Guinée
84%
Mauritanie
84%
Tchad
84%
Soudan du Sud
83%
Togo
82%
Érythrée
81%
Angola
80%
Cameroun
79%
Ghana
78%
Kenya
78%
Bénin
77%
Côte d'Ivoire
77%
Tanzanie
76%
Zambie
76%
Cap-Vert
74%
Guinée-Bissau
74%
Namibie
74%
Djibouti
73%
Gabon
73%
Lesotho
73%
Mozambique
73%
République Centrafricaine
73%
Zimbabwe
73%
Burkina Faso
72%
Gambie
71%
Rwanda
71%
Guinée équatoriale
69%
Liberia
69%
Ouganda
68%
Botswana
67%
Comores
67%
Swaziland
66%
Burundi
65%
Malawi
65%
Sierra Leone
65%
Seychelles
64%
Île Maurice
63%
Sao Tomé-et- Principe
59%
Aucun quiz correspondant
Distribution des résultats
% des personnes avec chaque résultat
Percentile par nombre de réponses
Votre historique - résultats
Vous n’avez pas pris ce quiz